Informe de prácticas profesionales en la empresa SARquitectura, arquitectura-construcción-supervisión
El actual informe de prácticas profesionales presenta de manera sintética y sistemática acápites que tienen como fin abordar todas las actividades realizadas en la empresa SARquitectura, arquitectura construcción-supervisión; desde una perspectiva descriptiva, técnica y gráfica.
| Main Author: | |
|---|---|
| Other Authors: | |
| Format: | Tesis Section = Libro |
| Language: | Undetermined Spanish |
| Published: |
Managua
UNI
2022
|
| Subjects: |
| LEADER | 01147nam a2200265Ia 4500 | ||
|---|---|---|---|
| 008 | 240830s9999 xx 000 0 und d | ||
| 040 | |a BIBLIOTECA-RUSB/ Mon 712.3 P438 | ||
| 041 | |a spa | ||
| 082 | |a Mon 712.3 P438 | ||
| 100 | 1 | |a Pérez Munguía, Jedicris Jockselyn | |
| 245 | 1 | 0 | |a Informe de prácticas profesionales en la empresa SARquitectura, arquitectura-construcción-supervisión |
| 260 | |a Managua |b UNI |c 2022 | ||
| 300 | |a 101 p.: il. | ||
| 500 | |a Contiene: anexos | ||
| 502 | |a Tesis (Arquitecto) - UNI, 2022. | ||
| 520 | 3 | |a El actual informe de prácticas profesionales presenta de manera sintética y sistemática acápites que tienen como fin abordar todas las actividades realizadas en la empresa SARquitectura, arquitectura construcción-supervisión; desde una perspectiva descriptiva, técnica y gráfica. | |
| 650 | 7 | |a PRACTICAS PROFESIONALES | |
| 650 | 7 | |b FORMACION PROFESIONAL | |
| 650 | 7 | |c COSTO – PRESUPUESTO | |
| 650 | 7 | |d DISEÑO ARQUITECTONICO | |
| 650 | 7 | |e ARQUITECTURA-DISEÑOS Y PLANOS | |
| 700 | 1 | |a Tutor: |b Rivas Jiménez, Ivette del Carmen | |
| 942 | |c BK |2 ddc | ||
| 991 | |a TESIS | ||
| 999 | |c 22284 | ||